Most Quoted Movies on Jetpunk Quizzes - Statistics

General Stats
  • This quiz has been taken 14 times
  • The average score is 7 of 24
Answer Stats
# of quizzes Year Movie % Correct
9 1939 The Wizard of Oz
100%
7 1972 The Godfather
93%
7 1942 Casablanca
86%
8 1977 Star Wars
79%
5 1985 Back to the Future
43%
6 1994 Forrest Gump
43%
5 1994 Pulp Fiction
36%
5 1976 Rocky
29%
6 1979 Apocalypse Now
21%
5 1993 Jurassic Park
21%
6 1991 Terminator 2: Judgement Day
21%
6 1987 The Princess Bride
21%
6 1991 The Silence of the Lambs
21%
6 1986 Top Gun
21%
7 2004 Anchorman
14%
5 2004 Mean Girls
14%
5 1978 Animal House
7%
7 1997 Austin Powers: International Man of Mystery
7%
5 1990 Home Alone
7%
5 1996 Jerry Maguire
7%
6 1990 Kindergarten Cop
0%
5 1975 Monty Python and the Holy Grail
0%
5 2004 Napoleon Dynamite
0%
5 2001 Zoolander
0%
No matching quizzes found
Score Distribution
Percent of People with Each Score
Percentile by Number Answered
Your Score History
You have not taken this quiz